|
|
|
|
| LEADER |
00000nam0a2200000 4500 |
| 001 |
311748 |
| 005 |
20231102002421.0 |
| 035 |
|
|
|a (RuTPU)RU\TPU\book\337113
|
| 090 |
|
|
|a 311748
|
| 100 |
|
|
|a 20151211d1969 k y0rusy50 ca
|
| 101 |
0 |
|
|a rus
|
| 102 |
|
|
|a RU
|
| 105 |
|
|
|a y dm 001zy
|
| 200 |
1 |
|
|a Влияние зарядов и координации атомов на положение и форму спектральных полос поглощения в неорганических поликристаллах
|e автореферат диссертации на соискание ученой степени кандидата физико-математических наук
|e спец. 044
|f С. С. Дербенева
|g Академия наук СССР (АН СССР), Сибирское отделение (СО) ; науч. рук. С. С. Бацанов
|
| 210 |
|
|
|a Томск
|c [Б. и.]
|d 1969
|
| 215 |
|
|
|a 11 с.
|
| 320 |
|
|
|a Библиогр.: с. 11 (12 назв.)
|
| 606 |
1 |
|
|a Спектральные линии
|2 stltpush
|3 (RuTPU)RU\TPU\subj\55754
|9 73728
|
| 606 |
1 |
|
|a Оптическая спектроскопия
|2 stltpush
|3 (RuTPU)RU\TPU\subj\67335
|9 83178
|
| 610 |
1 |
|
|a неорганические кристаллические соединения
|
| 610 |
1 |
|
|a строение
|
| 610 |
1 |
|
|a исследование
|
| 610 |
1 |
|
|a физические факторы
|
| 610 |
1 |
|
|a влияние
|
| 610 |
1 |
|
|a свет
|
| 610 |
1 |
|
|a диффузное рассеяние
|
| 610 |
1 |
|
|a атомы
|
| 610 |
1 |
|
|a заряды
|
| 610 |
1 |
|
|a координация
|
| 610 |
1 |
|
|a неорганические вещества
|
| 610 |
1 |
|
|a электронные спектры
|
| 610 |
1 |
|
|a авторефераты диссертаций
|
| 675 |
|
|
|a 535.33(04)
|v 4
|
| 686 |
|
|
|a 044
|2 oksvnk
|
| 700 |
|
1 |
|a Дербенева
|b С. С.
|
| 702 |
|
1 |
|a Бацанов
|b С. С.
|4 727
|
| 712 |
0 |
2 |
|a Академия наук СССР (АН СССР)
|b Сибирское отделение (СО)
|c (Новосибирск)
|2 stltpush
|3 (RuTPU)RU\TPU\col\11215
|
| 801 |
|
1 |
|a RU
|b 63413507
|c 20151211
|
| 801 |
|
2 |
|a RU
|b 63413507
|c 20170124
|g RCR
|
| 942 |
|
|
|c BK
|